Sex work is work /

Shranjeno v:
Bibliografske podrobnosti
Glavni avtor: Zollino, Giulia (Author)
Format: Knjiga
Jezik:italijanščina
Izdano: Torino : Eris, 2021
Serija:BookBlock ; 10
Teme:
Oznake: Označite
Brez oznak, prvi označite!

MARC

LEADER 00000nam a22000007i 4500
001 IT\ICCU\BCT\0061547
003 ItRI
005 20260115232206.0
008 210513s2021 it |||||| ||||| |||||c
020 |a 9788898644872 
040 |b ita  |c importazione bologna sebina 
041 7 |a ita  |2 ISO-639-2 
082 |a 363.47  |9 PROBLEMI E CONTROVERSIE DELLA MORALE PUBBLICA E DEI COSTUMI. OSCENITA' E PORNOGRAFIA  |2 21 
100 1 |a Zollino, Giulia  |0 IT\ICCU\BCTV\015194  |4 aut 
240 1 0 |a Sex work is work  |3 IT\ICCU\BCT\0061548  |9 Zollino, Giulia 
245 1 0 |a Sex work is work /  |c Giulia Zollino. 
260 |a Torino :  |b Eris,  |c 2021 
300 |a 62 p. ;  |c 17 cm 
650 7 |a Prostituzione 
830 0 |a BookBlock ;  |v 10  |0 IT\ICCU\PUV\1532433 
942 |2 ddc  |c BK  |n 0 
952 |0 0  |1 0  |4 0  |6 DOC_306_740000000000000_ZOL  |7 0  |9 21706  |a BO  |b BO  |d 2026-01-15  |i 19408  |l 0  |o DOC 306.74 ZOL  |p BO19408  |r 2026-01-15 23:22:06  |w 2026-01-15  |x [Sebina 5] [1 v.]  |y BK  |z 1 v. 
952 |0 0  |1 0  |4 0  |6 DOC_306_740000000000000_ZOL  |7 0  |9 21707  |a BO  |b BO  |d 2026-01-15  |i 20189  |l 0  |o DOC 306.74 ZOL  |p BO20189  |r 2026-01-15 23:22:06  |w 2026-01-15  |x [Sebina 5] [1 v.]  |y BK  |z 1 v. (2. copia) 
999 |c 18542  |d 18542